| 000 | 00512nam a22001577a 4500 | ||
|---|---|---|---|
| 020 | _qHard Cover. | ||
| 082 | _a620.1 | ||
| 100 | _aZeb, Sobh | ||
| 245 |
_aSentiment Analysis on user Reviews through Lexicon and Rule based Approach / _cSobh Zeb. |
||
| 260 |
_aIslamabad: _bCEME - NUST, _c2016. |
||
| 300 |
_a50 p. : _bill. ; _c30cm. |
||
| 650 |
_aComputer Software Engineering Ms-Thesis. _916105 |
||
| 700 |
_aDr. Usman Qamar _918579 |
||
| 942 |
_2ddc _cTHE |
||
| 999 |
_c536378 _d536378 |
||